Jan Achacy Kmita: an anti-jewish writer of the first half of the 17th century

Titel: Jan Achacy Kmita: an anti-jewish writer of the first half of the 17th century
Verfasser:
In: Uniwersytet Jagielloński w Krakowie. Instytut Judaistyki: Scripta judaica cracoviensia, Band 4 (2006), Seite 11-15
alle Artikel anzeigen
Veröffentlicht: 2006
Format: Aufsatz
Sprache: Polnisch
Kein Bild verfügbar
X
alg: 39420778
001A    $01999:12-11-16 
001B    $01999:29-05-21 $t17:46:45.000 
001D    $01999:12-11-16 
001U    $0utf8 
001X    $00 
002@    $0Aox 
003@    $0394207785 
007A    $0394207785 $aHEB 
007T    $0Herdk90774 
010@    $apol 
011@    $a2006 
021A    $aJan Achacy Kmita: an anti-jewish writer of the first half of the 17th century 
028A    $aMichałowska-Mycielska $dAnna 
031A    $d4 $h11-15 $j2006 
039B    $aIn $8--Abvc--Uniwersytet Jagielloński w Krakowie$bInstytut Judaistyki [Tb1]. Scripta judaica cracoviensia. - Kraków : Wydawn Uniw. Jagiellónskiego, 2002-. - ISSN 1733-5760 $x200600000040000989 $9119947331 
045F    $a929.09438 $eDDC23BSB 
045F/01 $a929 
045F/03 $g438 
045T    $aJUDAICA $qDE-30 $2FID 
045T    $a7,7 

lok: 39420778 78

exp: 39420778 78 1 #EPN
201B/01 $018-11-16 $t10:56:14.000 
201U/01 $0utf8 
203@/01 $0790318296 
208@/01 $a12-11-16 $be 
209A/01 $a/ $f000 $x00 
220C/01 $aTitelaufnehmer: pbb 
220C/01 $aHerkunft: PBB/IH PAN 
244Z/01 $2Trx $#Poola $#Lenkija $#Polija $#Polen Land $#Poland $#Lengyelország $#Poľsko $#Polsko $8--Trx--Polska$gkraj $x01 $9391345966 
244Z/01 $2Trx $8--Trx--Zeitschriftenaufsatz $x02 $9391384341 
245Z/01 $a12.03 $x01 
247C/01 $82080>Marburg/Lahn, Herder-Institut, Forschungsbibliothek, Bibliographieportal $9336309341
LEADER 00000caa a22000002c 4500
001 394207785
003 DE-603
005 20210529174645.0
007 tu
008 161112s2006 xx |||| | u00||u|pol c
035 |a (DE-599)HEB394207785 
040 |a DE-603  |b ger  |c DE-603  |d DE-603 
041 |a pol 
082 0 4 |8 1\u  |a 929.09438  |q DE-101  |2 23/BSB 
084 |a JUDAICA  |q DE-30  |2 fid 
084 |a 7,7  |2 ssgn 
085 |8 1\u  |b 929 
085 |8 1\u  |z 2  |s 438 
100 1 |a Michałowska-Mycielska, Anna 
245 0 0 |a Jan Achacy Kmita: an anti-jewish writer of the first half of the 17th century 
264 0 |c 2006 
773 0 8 |i In  |a Uniwersytet Jagielloński w Krakowie. Instytut Judaistyki  |t Scripta judaica cracoviensia  |d Kraków : Wydawn Uniw. Jagiellónskiego, 2002-  |x 1733-5760  |g Band 4 (2006), Seite 11-15  |w (DE-603)119947331  |w (DE-600)2141449-X 
924 0 |9 2080  |a (DE-603)790318296  |b DE-2080  |c HES  |d d  |g /